Focus (Record no. 77263)

MARC details
000 -LEADER
fixed length control field 00928cab a2200229 4500
001 - CONTROL NUMBER
control field ##L133927
008 - FIXED-LENGTH DATA ELEMENTS--GENERAL INFORMATION
fixed length control field 060621n2006 000 0 eng u
035 ## - SYSTEM CONTROL NUMBER
System control number (Sirsi) u133927
041 0# - LANGUAGE CODE
Language code of text/sound track or separate title eng
100 1# - MAIN ENTRY--PERSONAL NAME
Personal name Thame, David
245 00 - TITLE STATEMENT
Title Focus
Remainder of title Merseyside
260 ## - PUBLICATION, DISTRIBUTION, ETC.
Date of publication, distribution, etc. 2006
490 #0 - SERIES STATEMENT
Series statement Estates Gazette
Volume/sequential designation (0624) 17 June 2006, 99-127(14)
520 ## - SUMMARY, ETC.
Summary, etc. Looks at the project pipeline of Liverpool's troubled waterfront development scheme at Pier Head; office space supply and demand in Liverpool; conflict between business leaders and environmentalists over a government-backed second bridge over the River Mersey; and three regeneration schemes facing planning and funding problems at the Wirral peninsula.
590 ## - LOCAL NOTE (RLIN)
Local note IKA040706
651 #4 - SUBJECT ADDED ENTRY--GEOGRAPHIC NAME
Geographic name MERSEYSIDE
651 #4 - SUBJECT ADDED ENTRY--GEOGRAPHIC NAME
Geographic name LIVERPOOL
651 #4 - SUBJECT ADDED ENTRY--GEOGRAPHIC NAME
Geographic name WIRRAL
690 ## - LOCAL SUBJECT ADDED ENTRY--TOPICAL TERM (OCLC, RLIN)
Topical term or geographic name as entry element PROPERTY-COMMERCIAL PROPERTY-COMMERCIAL PROPERTY MARKET
700 1# - ADDED ENTRY--PERSONAL NAME
Personal name Cunningham, Daniel
942 ## - ADDED ENTRY ELEMENTS (KOHA)
Suppress in OPAC 0
Holdings
Withdrawn status Lost status Source of classification or shelving scheme Damaged status Not for loan Home library Current library Shelving location Date acquired Total Checkouts Full call number Barcode Date last seen Copy number Price effective from Koha item type
    Dewey Decimal Classification     London London Journal article 21/06/2006   L133927 133927-1001 06/08/2019 1 06/08/2019 Journal article